Qui est ce joueur de football ? - Statistiques

Statistiques générales
  • Ce quiz a été pris 6 470 fois
  • Le résultat moyen est 6 sur 13
Statistiques - réponses
Description Réponse % Correct
Il est marié avec une célèbre chanteuse colombienne Gerard Piqué
81%
Il a inscrit le quintuplé le plus rapide de l'histoire Robert Lewandowski
79%
Son surnom est les initiales de son nom ainsi que son numéro de maillot Cristiano Ronaldo
67%
La phrase "Why always me ?" (Pourquoi toujours moi ?) lui est rattachée Mario Balotelli
65%
Il a célébré certains de ses buts avec un masque de Spider-Man Pierre-Emerick Aubameyang
62%
Il a signé son premier contrat professionnel sur une serviette en papier Lionel Messi
52%
Il reste actuellement le meilleur buteur de l'histoire de Chelsea Frank Lampard
50%
Joueur allemand ayant la particularité de jouer les chaussettes et protèges-tibia baissées Thomas Müller
36%
Il est connu pour ses blessures à répétition, notamment une fois après avoir promené son chien Yoann Gourcuff
34%
Il a emprunté son surnom à un personnage fictif du fait de sa ressemblance avec un acteur Hulk
25%
Son surnom est un diminutif de "petit pois" en espagnol Javier Hernandez
9%
Ce gardien de but est atteint de la Maladie de Gilles de la Tourette depuis son enfance Tim Howard
8%
Il a reçu un disque d'or après avoir repris son hymne national en version slam Zlatan Ibrahimovic
5%
Aucun quiz correspondant
Distribution des résultats
% des personnes avec chaque résultat
Percentile par nombre de réponses
Votre historique - résultats
Vous n’avez pas pris ce quiz